000 05795nam a22004937a 4500
005 20120628103545.0
010 _aHIN-96522 B-484098-107 B-492431-441
020 _a9788176672672
_c500.00
035 _aHN-68868 B-484098-107 B-492431-441
037 _bएलाइड पब्लिर्शस
037 _bयू.बी.एच.
082 _a
100 _aखड़से, दामोदर
_955167
245 _aसम्पूर्ण कहानियाँ/
_cदामोदर खड़से
260 _aदिल्ली
_bभावना प्रकाशन
_c2012
270 _a109-ए, पटपड़गंज
_bदिल्ली
_e110091
_k22756734
300 _a400 पृ.
_c22 सेमी.(सजिल्द)
942 _2ddc
_cHN
_h
_mखड़से
999 _c68227
_d68227